Lord of the Rings Trivia #3 - Statistics

General Stats
  • This quiz has been taken 199 times
  • The average score is 6 of 15
Answer Stats
Hint Answer % Correct
Other name of Treebeard? Fangorn
88%
The son of Theoden? Theodred
88%
Mightiest Elven lady ever? Galadriel
80%
Where Merry grew up Buckland
66%
Mightiest Elven man ever? Feanor
44%
Other name of Lake Town? Esgaroth
42%
The name of Morgoth's mace? Grond
40%
Who did Gandalf kill at Goblin Town? The Great Goblin
37%
Other name of Caradhras? Redhorn
22%
Other name of Niniel? Nienor
21%
Arthedain, Rhudaur, and ? Cardolan
18%
Radagasts rabbits are from where? Rhosgobel
18%
Where Durin the Deathless woke Mt. Gundabad
17%
Who settled in the Ered Gorgoroth? Ungoliant
17%
The wife of Aldarion? Erendis
14%
No matching quizzes found
Score Distribution
Percent of People with Each Score
Percentile by Number Answered
Your Score History
You have not taken this quiz